| 000 | 00584nam a2200157 a 4500 | ||
|---|---|---|---|
| 001 | 000038002 | ||
| 005 | 20201002031141.0 | ||
| 008 | 130312s2012 dr 000 0 spa d | ||
| 040 |
_aDO-SdBNP _bspa _cBNPHU |
||
| 110 | 1 |
_aRepública Dominicana _9447 |
|
| 245 | 1 | 0 |
_aÍndice general de la legislación de la República Dominicana año 2011 : _bperíodo del gobierno constitucional del Dr. Leonel Fernández /. |
| 246 | 1 | 0 | _aÍndice legislativo |
| 260 |
_aSanto Domingo : _bConsultoría Jurídica del Poder Ejecutivo., _c2012. |
||
| 300 |
_a435 p. ; _c22 cm. |
||
| 500 | _aEdición oficial | ||
| 999 |
_c37492 _d37492 |
||